MARC details
| 000 -CABECERA |
| campo de control de longitud fija |
02465nam a22002537a 4500 |
| 008 - DATOS DE LONGITUD FIJA--INFORMACIÓN GENERAL |
| campo de control de longitud fija |
250703b |||||||| |||| 00| 0 eng d |
| 020 ## - NÚMERO INTERNACIONAL ESTÁNDAR DEL LIBRO |
| Número Internacional Estándar del Libro |
9780008601829 |
| 040 ## - FUENTE DE LA CATALOGACIÓN |
| Centro/agencia transcriptor |
tbs |
| 041 ## - CÓDIGO DE LENGUA |
| Código de lengua del texto/banda sonora o título independiente |
eng |
| 100 ## - ENTRADA PRINCIPAL--NOMBRE DE PERSONA |
| Nombre de persona |
Royal houses |
| 9 (RLIN) |
25639 |
| Término indicativo de función/relación |
author |
| 245 ## - MENCIÓN DE TÍTULO |
| Título |
A river of golden bones |
| Mención de responsabilidad, etc. |
/ A. K. Mulford. |
| 300 ## - DESCRIPCIÓN FÍSICA |
| Extensión |
385 pages : |
| Otras características físicas |
map ; |
| Dimensiones |
24 cm. |
| 490 ## - MENCIÓN DE SERIE |
| Mención de serie |
Golden court ; |
| Designación de volumen o secuencia |
bk. 1 |
| 520 ## - SUMARIO, ETC. |
| Sumario, etc. |
From bestselling author and TikTok sensation A.K. Mulford comes the first riveting, enchanting book in the all-new Golden Court romantasy trilogy— A River of Golden Bones begins a journey of self-discovery, romance, and adventure for a young heir as she/they comes out of hiding to save her sister from a malicious, powerful sorceress and her dangerous sleeping curse. A sleeping curse. A fallen court. A secret twin. Twins Calla and Briar have spent their entire lives hiding from the powerful sorceress who destroyed their kingdom…and from the humans who don’t know they are Wolves. Each twin has their own purpose in Briar’s is to marry the prince of an ally pack and save the Golden Court. Calla’s purpose is to remain a secret, her twin’s shadow . . . the backup plan. No one knows who Calla truly is except for her childhood friend—and sister’s betrothed—the distractingly handsome Prince Grae. But when Calla and Briar journey out of hiding for Briar’s wedding, all of their well-made plans go awry. The evil sorceress is back with another sleeping curse for the last heir to the Golden Court. Calla must step out of the shadows to save their sister, their kingdom, and their own legacy. Continuing to hide as a human and denying who she truly is, Calla embarks on a quest across the realm, discovering a whole world she never knew existed. Outside the confines of rigid Wolf society, Calla begins to who could she be if she dared to try? Full of adventure, love, gender exploration, and self-discovery, A River of Golden Bones follows Calla’s journey through treacherous Wolf kingdoms, monster-filled realms, and the depths of their own heart in this thrilling romantic fantasy. |
| 650 #0 - PUNTO DE ACCESO ADICIONAL DE MATERIA--TÉRMINO DE MATERIA |
| Término de materia o nombre geográfico como elemento de entrada |
Werewolves |
| Subdivisión de forma |
Fiction |
| 9 (RLIN) |
25636 |
| 650 #0 - PUNTO DE ACCESO ADICIONAL DE MATERIA--TÉRMINO DE MATERIA |
| Término de materia o nombre geográfico como elemento de entrada |
Twins |
| Subdivisión de forma |
Fiction |
| 9 (RLIN) |
25637 |
| 650 #0 - PUNTO DE ACCESO ADICIONAL DE MATERIA--TÉRMINO DE MATERIA |
| Término de materia o nombre geográfico como elemento de entrada |
Gender-nonconforming people |
| Subdivisión de forma |
Fiction |
| 9 (RLIN) |
25638 |
| 650 #0 - PUNTO DE ACCESO ADICIONAL DE MATERIA--TÉRMINO DE MATERIA |
| Término de materia o nombre geográfico como elemento de entrada |
Royal houses |
| Subdivisión de forma |
Fiction |
| 9 (RLIN) |
25640 |
| 650 #0 - PUNTO DE ACCESO ADICIONAL DE MATERIA--TÉRMINO DE MATERIA |
| Término de materia o nombre geográfico como elemento de entrada |
Quests (Expeditions) |
| Subdivisión de forma |
Fiction |
| 9 (RLIN) |
25641 |
| 655 #0 - TÉRMINO DE INDIZACIÓN--GÉNERO/FORMA |
| Datos o término principal de género/forma |
Fantasy fiction |
| 9 (RLIN) |
22510 |
| 655 #0 - TÉRMINO DE INDIZACIÓN--GÉNERO/FORMA |
| Datos o término principal de género/forma |
Romance fiction |
| 9 (RLIN) |
22778 |
| 655 #0 - TÉRMINO DE INDIZACIÓN--GÉNERO/FORMA |
| Datos o término principal de género/forma |
Paranormal fiction |
| 9 (RLIN) |
22925 |
| 942 ## - ELEMENTOS DE ENTRADA AGREGADA (KOHA) |
| Fuente del sistema de clasificación o colocación |
Clasificación de Library of Congress |